Maroon 5 Charting Songs (Pop Airplay) - Statistics

General Stats
  • This quiz has been taken 9 times
  • The average score is 17 of 32
Answer Stats
Album Feature(s) Peak Answer % Correct
V None #2 Maps
100%
Overexposed Wiz Khalifa #1 (4 Weeks) Payphone
100%
V None #1 (2 Weeks) Sugar
100%
V None #1 (4 Weeks) Animals
86%
Red Pill Blues Cardi B #1 (5 Weeks) Girls Like You
86%
Hands All Over Christina Aguilera #1 (6 Weeks) Moves Like Jagger
86%
Songs About Jane None #1 (4 Weeks) She Will Be Loved
86%
Overexposed None #1 (1 Week) Daylight
71%
Overexposed None #1 (8 Weeks) One More Night
71%
Songs About Jane None #1 (3 Weeks) This Love
71%
Red Pill Blues Future #8 Cold
57%
Red Pill Blues Kendrick Lamar #1 (1 Week) Don’t Wanna Know
57%
Songs About Jane None #5 Harder to Breathe
57%
It Won’t Be Soon Before Long None #4 Makes Me Wonder
57%
Jordi None #1 (1 Week) Memories
57%
Hands All Over None #8 Misery
57%
Jordi Megan Thee Stallion #10 Beautiful Mistakes
43%
Overexposed None #2 Love Somebody
43%
Songs About Jane None #21 Sunday Morning
43%
It Won’t Be Soon Before Long None #8 Wake Up Call
43%
Red Pill Blues SZA #3 What Lovers Do
43%
It Won’t Be Soon Before Long None #25 Won’t Go Home Without You
43%
It Won’t Be Soon Before Long Rihanna #30 If I Never See Your Face Again
29%
Jordi None #27 Lost
29%
Love Is Like Lil Wayne #24 Love Is Like
29%
Hands All Over None #25 Never Gonna Leave This Bed
29%
Jordi None #14 Nobody’s Love
29%
Love Is Like LISA #18 Priceless
29%
V None #10 This Summer’s Gonna Hurt
29%
Red Pill Blues None #5 Wait
29%
Hands All Over None #36 Give a Little More
14%
V None #29 Feelings
0%
No matching quizzes found
Score Distribution
Percent of People with Each Score
Percentile by Number Answered
Your Score History
You have not taken this quiz